<?xml version="1.0" encoding="UTF-8"?>
<collection xmlns="http://www.loc.gov/MARC21/slim">
 <record>
  <leader>01232cam a22002651  4500</leader>
  <controlfield tag="001">1/11775</controlfield>
  <controlfield tag="008">000303s1995    enk                 eng d</controlfield>
  <datafield tag="020" ind1=" " ind2=" ">
   <subfield code="a">3540608052</subfield>
  </datafield>
  <datafield tag="035" ind1=" " ind2=" ">
   <subfield code="l">12139</subfield>
  </datafield>
  <datafield tag="040" ind1=" " ind2=" ">
   <subfield code="a">DLC</subfield>
   <subfield code="b">GR-PeUP</subfield>
  </datafield>
  <datafield tag="082" ind1="0" ind2="0">
   <subfield code="a">006.3 IN</subfield>
  </datafield>
  <datafield tag="245" ind1="0" ind2="0">
   <subfield code="a">Intelligent agents II :</subfield>
   <subfield code="b">agent theories, architectures, and languages :IJCAI'95 Workshop (ATAL) Montr al, Canada, August 19-20, 1995 :proceedings /</subfield>
   <subfield code="c">M. Wooldrige, J. P. Mόller, M. Tambe, (eds.)</subfield>
  </datafield>
  <datafield tag="260" ind1=" " ind2=" ">
   <subfield code="a">Berlin :</subfield>
   <subfield code="b">Springer Berlin ,</subfield>
   <subfield code="c">1995</subfield>
  </datafield>
  <datafield tag="300" ind1=" " ind2=" ">
   <subfield code="a">xviii, 437 p. :</subfield>
   <subfield code="b">ill. ;</subfield>
   <subfield code="c">24 cm.</subfield>
  </datafield>
  <datafield tag="490" ind1="1" ind2=" ">
   <subfield code="a">Lecture Notes in Computer Science ;</subfield>
  </datafield>
  <datafield tag="504" ind1=" " ind2=" ">
   <subfield code="a">Includes bibliographical reference and index</subfield>
  </datafield>
  <datafield tag="650" ind1=" " ind2="4">
   <subfield code="a">Intelligent agents (Computer Software)</subfield>
   <subfield code="x">Congresses.</subfield>
  </datafield>
  <datafield tag="700" ind1="1" ind2=" ">
   <subfield code="a">Wooldridge, Michael J.</subfield>
   <subfield code="e">ed.</subfield>
  </datafield>
  <datafield tag="700" ind1="1" ind2=" ">
   <subfield code="a">Tambe, Milind,</subfield>
   <subfield code="d">1965-</subfield>
   <subfield code="e">ed.</subfield>
  </datafield>
  <datafield tag="700" ind1="1" ind2=" ">
   <subfield code="a">Moller, J.P.,</subfield>
   <subfield code="d">1965-</subfield>
   <subfield code="e">ed.</subfield>
  </datafield>
  <datafield tag="711" ind1="2" ind2=" ">
   <subfield code="a">Workshop on Agent Theories, Architectures, and Languages</subfield>
   <subfield code="n">(2nd :</subfield>
   <subfield code="d">1995 :</subfield>
   <subfield code="c">Montral, Quebec)</subfield>
  </datafield>
  <datafield tag="711" ind1="2" ind2=" ">
   <subfield code="a">International Joint Conference on Artifical Intelligence</subfield>
   <subfield code="d">(1995 :</subfield>
   <subfield code="c">Montral, Quebec)</subfield>
  </datafield>
  <datafield tag="830" ind1=" " ind2=" ">
   <subfield code="a">Lecture Notes in Computer Science ;</subfield>
   <subfield code="v">1037</subfield>
  </datafield>
  <datafield tag="852" ind1=" " ind2=" ">
   <subfield code="a">INST</subfield>
   <subfield code="b">UNIPILB</subfield>
   <subfield code="c">MAIN</subfield>
   <subfield code="e">20040719</subfield>
   <subfield code="h">006.3 IN</subfield>
   <subfield code="p">00133533</subfield>
   <subfield code="q">00133533</subfield>
   <subfield code="t">LOAN</subfield>
   <subfield code="y">0</subfield>
   <subfield code="4">1</subfield>
  </datafield>
  <datafield tag="856" ind1="4" ind2=" ">
   <subfield code="d">/webopac/covers/01/12139_3540608052.jpg</subfield>
  </datafield>
 </record>
</collection>
